Java (Record no. 339479)

MARC details
000 -LEADER
fixed length control field 00483nam a2200181Ia 4500
008 - FIXED-LENGTH DATA ELEMENTS--GENERAL INFORMATION
fixed length control field 230718s9999 xx 000 0 und d
020 ## - INTERNATIONAL STANDARD BOOK NUMBER
International Standard Book Number 9789339212094
041 ## - LANGUAGE CODE
Language code of text/sound track or separate title eng
082 ## - DEWEY DECIMAL CLASSIFICATION NUMBER
Classification number 005.2768
Item number SCH
100 ## - MAIN ENTRY--PERSONAL NAME
Personal name Schildt H.
245 ## - TITLE STATEMENT
Title Java
Remainder of title The Complete Reference
250 ## - EDITION STATEMENT
Edition statement 9th ed.
260 ## - PUBLICATION, DISTRIBUTION, ETC. (IMPRINT)
Date of publication, distribution, etc. 2014
Name of publisher, distributor, etc. McGraw Hill
300 ## - PHYSICAL DESCRIPTION
Extent 1274
Accompanying material [OBSOLETE, CAN/MARC] Ref 1555 C (50685)
365 ## - TRADE PRICE
Currency code Rs.
Price amount 825.00
700 ## - ADDED ENTRY--PERSONAL NAME
Personal name Schildt H.
906 ## - LOCAL DATA ELEMENT F, LDF (RLIN)
d O:0450626-Jun-2015B:24508-Jun-2015
c COMP
b 6682.5
Holdings
Withdrawn status Lost status Damaged status Not for loan Home library Current library Date acquired Vendor Budget Code Cost, normal purchase price Bill number Total Checkouts Full call number Barcode Date last seen Date last checked out Discount Cost, replacement price Bill Date Koha item type Original Barcode
        Cummins College of Engineering for Women Pune Cummins College of Engineering for Women Pune 26/06/2015 Technical Book Services COMP 602.25 245 15 005.2768 CCEP-BK-50686 18/03/2026 06/03/2026 6682.5 825.00 08/06/2015 Books 050686